Oracle : A beginner's guide (Record no. 67234)

000 -LEADER
fixed length control field 01009cam a22002894a 4500
001 - CONTROL NUMBER
control field 11958827
003 - CONTROL NUMBER IDENTIFIER
control field NUST-PNEC
005 - DATE AND TIME OF LATEST TRANSACTION
control field 20170116181015.0
008 - FIXED-LENGTH DATA ELEMENTS--GENERAL INFORMATION
fixed length control field 000330s1999 caua 001 0 eng
010 ## - LIBRARY OF CONGRESS CONTROL NUMBER
LC control number 00689057
020 ## - INTERNATIONAL STANDARD BOOK NUMBER
International Standard Book Number 0078821223
040 ## - CATALOGING SOURCE
Original cataloging agency DLC
Transcribing agency LIBRARY
042 ## - AUTHENTICATION CODE
Authentication code pcc
050 00 - LIBRARY OF CONGRESS CALL NUMBER
Classification number QA76.9.D3
Item number A245 1999
082 ## - DEWEY DECIMAL CLASSIFICATION NUMBER
Classification number 005.7565 ABB
100 1# - MAIN ENTRY--PERSONAL NAME
Personal name Abbey, Michael.
245 10 - TITLE STATEMENT
Title Oracle : A beginner's guide
Statement of responsibility, etc. Michael Abbey
260 ## - PUBLICATION, DISTRIBUTION, ETC.
Place of publication, distribution, etc. Berkeley :
Name of publisher, distributor, etc. Osborne McGraw-Hill,
Date of publication, distribution, etc. c.1995
300 ## - PHYSICAL DESCRIPTION
Extent xxx, 765 p. :
Other physical details ill. ;
Dimensions 23 cm.
500 ## - GENERAL NOTE
General note Includes index.
630 00 - SUBJECT ADDED ENTRY--UNIFORM TITLE
Uniform title Oracle (Computer file)
650 ## - SUBJECT ADDED ENTRY--TOPICAL TERM
General subdivision MIS, Computer
856 42 - ELECTRONIC LOCATION AND ACCESS
Uniform Resource Identifier <a href="http://www.amazon.com/Oracle8i-Beginners-Guide-Ian-Abramson/dp/0072122048/ref=sr_1_1?s=books&ie=UTF8&qid=1417296615&sr=1-1&keywords=0072122048">http://www.amazon.com/Oracle8i-Beginners-Guide-Ian-Abramson/dp/0072122048/ref=sr_1_1?s=books&ie=UTF8&qid=1417296615&sr=1-1&keywords=0072122048</a>
906 ## - LOCAL DATA ELEMENT F, LDF (RLIN)
a 7
b cbc
c orignew
d 2
e ncip
f 20
g y-gencatlg
942 ## - ADDED ENTRY ELEMENTS (KOHA)
Source of classification or shelving scheme
Koha item type Book
Holdings
Withdrawn status Lost status Source of classification or shelving scheme Damaged status Not for loan Permanent Location Current Location Shelving location Date acquired Total Checkouts Full call number Barcode Date last seen Price effective from Koha item type
          Pakistan Navy Engineering College (PNEC) Pakistan Navy Engineering College (PNEC)       005.7565 ABB PNECLIB-018670 09/13/2015   Book
© 2023 Central Library, National University of Sciences and Technology. All Rights Reserved.